Statistics for Electoral Districts of Prince Edward Island

Click here to take the quiz!

General Stats

  • This quiz has been taken 2 times
  • The average score is 13 of 25

Answer Stats

Answer% Correct
Souris-Elmira
100%
Alberton-Bloomfield
50%
Belfast-Murray River
50%
Borden-Kinkora
50%
Charlottetown-Belvedere
50%
Charlottetown-Brighton
50%
Charlottetown-Hillsborough Park
50%
Charlottetown-Victoria Park
50%
Charlottetown-West Royalty
50%
Charlottetown-Winsloe
50%
Cornwall-Meadowbank
50%
Evangeline-Miscouche
50%
Georgetown-Pownal
50%
Kensington-Malpeque
50%
Mermaid-Stratford
50%
Montague-Kilmuir
50%
Morell-Donagh
50%
O'Leary-Inverness
50%
Rustico-Emerald
50%
Stanhope-Marshfield
50%
Stratford-Keppoch
50%
Summerside-South Drive
50%
Summerside-Wilmot
50%
Tyne Valley-Sherbrooke
50%
New Haven-Rocky Road
0%

Score Distribution

Percentile by Number Answered

Percent of People with Each Score

Your Score History

You have not taken this quiz